<?xml version="1.0" encoding="UTF-8"?>
<collection xmlns="http://www.loc.gov/MARC21/slim">
 <record>
  <leader>00980nam a2200325   4500</leader>
  <controlfield tag="001">DLU110119930</controlfield>
  <controlfield tag="005">##20110418</controlfield>
  <controlfield tag="008">##870826s1988    enka          000 0 eng  </controlfield>
  <datafield tag="010" ind1="#" ind2="#">
   <subfield code="a">   87025588 </subfield>
  </datafield>
  <datafield tag="020" ind1="#" ind2="#">
   <subfield code="a">0521348641 (pbk.)</subfield>
  </datafield>
  <datafield tag="020" ind1="#" ind2="#">
   <subfield code="z">0521343909 (cassette)</subfield>
  </datafield>
  <datafield tag="035" ind1="#" ind2="#">
   <subfield code="9">(DLC)   87025588</subfield>
  </datafield>
  <datafield tag="040" ind1="#" ind2="#">
   <subfield code="a">DLC</subfield>
   <subfield code="c">DLC</subfield>
   <subfield code="d">DLC</subfield>
  </datafield>
  <datafield tag="082" ind1="#" ind2="#">
   <subfield code="a">428.007</subfield>
   <subfield code="b">DO-A</subfield>
  </datafield>
  <datafield tag="100" ind1="#" ind2="#">
   <subfield code="a">Doff, Adrian.</subfield>
  </datafield>
  <datafield tag="245" ind1="#" ind2="#">
   <subfield code="a">Teach English :</subfield>
   <subfield code="b">a training course for teachers : trainer's handbook /</subfield>
   <subfield code="c">Adrian Doff.</subfield>
  </datafield>
  <datafield tag="260" ind1="#" ind2="#">
   <subfield code="a">Cambridge [Cambridgeshire] ;</subfield>
   <subfield code="a">New York :</subfield>
   <subfield code="b">Cambridge University Press in association with the British Council,</subfield>
   <subfield code="c">1988.</subfield>
  </datafield>
  <datafield tag="300" ind1="#" ind2="#">
   <subfield code="a">ix, 286 p. :</subfield>
   <subfield code="b">ill. ;</subfield>
   <subfield code="c">23 cm.</subfield>
  </datafield>
  <datafield tag="650" ind1="#" ind2="#">
   <subfield code="a">English language</subfield>
   <subfield code="x">Study and teaching</subfield>
   <subfield code="x">Foreign speakers.</subfield>
  </datafield>
  <datafield tag="923" ind1="#" ind2="#">
   <subfield code="a">01/2011NN</subfield>
  </datafield>
  <datafield tag="991" ind1="#" ind2="#">
   <subfield code="a">GT</subfield>
  </datafield>
  <datafield tag="992" ind1="#" ind2="#">
   <subfield code="a">0</subfield>
  </datafield>
  <datafield tag="994" ind1="#" ind2="#">
   <subfield code="a">KNN</subfield>
  </datafield>
  <datafield tag="900" ind1="#" ind2="#">
   <subfield code="a">True</subfield>
  </datafield>
  <datafield tag="911" ind1="#" ind2="#">
   <subfield code="a">Đào Thị Thu Huyền</subfield>
  </datafield>
  <datafield tag="925" ind1="#" ind2="#">
   <subfield code="a">G</subfield>
  </datafield>
  <datafield tag="926" ind1="#" ind2="#">
   <subfield code="a">A</subfield>
  </datafield>
  <datafield tag="927" ind1="#" ind2="#">
   <subfield code="a">SH</subfield>
  </datafield>
  <datafield tag="980" ind1="#" ind2="#">
   <subfield code="a">Thư viện Trường Đại học Đà Lạt</subfield>
  </datafield>
 </record>
</collection>
